چاند کی کہانی / (Record no. 108733)

MARC details
000 -LEADER
fixed length control field 00815nam a22002537a 4500
005 - DATE AND TIME OF LATEST TRANSACTION
control field 20170123162344.0
010 ## - LIBRARY OF CONGRESS CONTROL NUMBER
LC control number 306768
020 ## - INTERNATIONAL STANDARD BOOK NUMBER
Terms of availability 8.00
035 ## - SYSTEM CONTROL NUMBER
System control number 306768
037 ## - SOURCE OF ACQUISITION
Source of stock number/acquisition Cen Lib/Ret
040 ## - CATALOGING SOURCE
Original cataloging agency DPL
Language of cataloging UR
082 ## - DEWEY DECIMAL CLASSIFICATION NUMBER
Classification number 523.3
Item number ص ی د
100 ## - MAIN ENTRY--PERSONAL NAME
Personal name صدیقی، محمّد اسحاق
9 (RLIN) 108074
245 ## - TITLE STATEMENT
Title چاند کی کہانی /
Statement of responsibility, etc محمّد اسحاق صدیقی
246 ## - VARYING FORM OF TITLE
Title proper/short title Chand ki kahani /
Remainder of title by Mohammad Ishaq Siddique
260 ## - PUBLICATION, DISTRIBUTION, ETC. (IMPRINT)
Place of publication, distribution, etc لکھنؤ
Name of publisher, distributor, etc احباب پبلشرز
Date of publication, distribution, etc 1960
270 ## - ADDRESS
City لکھنؤ
Address مقبرہ عالیہ گولاگنج
300 ## - PHYSICAL DESCRIPTION
Extent 102
Dimensions 17cm(Hb)
650 ## - SUBJECT ADDED ENTRY--TOPICAL TERM
Topical term or geographic name as entry element سائنس
9 (RLIN) 129766
650 ## - SUBJECT ADDED ENTRY--TOPICAL TERM
Topical term or geographic name as entry element چاند کی کہانی
9 (RLIN) 119541
650 ## - SUBJECT ADDED ENTRY--TOPICAL TERM
Topical term or geographic name as entry element Science
9 (RLIN) 10795
650 ## - SUBJECT ADDED ENTRY--TOPICAL TERM
Topical term or geographic name as entry element Story of Moon
9 (RLIN) 129767
942 ## - ADDED ENTRY ELEMENTS (KOHA)
Source of classification or shelving scheme Dewey Decimal Classification
Koha item type Urdu Bks
Classification part 523.3
Call number suffix ص د ی
Holdings
Withdrawn status Lost status Damaged status Not for loan Home library Current library Date acquired Source of acquisition Cost, normal purchase price Total Checkouts Full call number Barcode Date last seen Copy number Cost, replacement price Price effective from Koha item type
        Central Library Central Library 03/02/2016 Cen Lib/Ret 8.00   523.3 ص ی د 306768 03/02/2016 1 8.00 03/02/2016 Urdu Bks

© Delhi Public Library
Hit Counter
free hit counter